| 000 | 01169cac a2200349 i 4500 | ||
|---|---|---|---|
| 003 | EG-GICUC | ||
| 005 | 20260121101416.0 | ||
| 008 | 960228s2002 enk frb 001 0 eng d | ||
| 020 | _a0333971647 | ||
| 040 |
_aDLC _cDLC _dDLC _dEG-GICUC _beng _erda |
||
| 043 | _ae-uk--- | ||
| 050 | 0 | 0 |
_aKD3989.3 _b.A43 1994 |
| 082 | 0 | 0 |
_a342.042 _221 |
| 092 | 0 | 4 | _221 |
| 099 | _aLaw 08 2002 | ||
| 100 | 1 | _aAlder, John. | |
| 245 | 1 | 0 |
_aConstitutional and administrative law / _cJohn Alder ; chapter 23 contributed by Michael Haley. |
| 246 | 1 | 4 | _aConstitutional & administrative law |
| 250 | _a4nd edition. | ||
| 264 |
_aHoundmills, Basingstoke, Hampshire : _bMacmillan, _c1994. |
||
| 300 |
_axxxiv, 452 page ; _c22 cm. |
||
| 336 |
_atext _btxt _2rdacontent |
||
| 337 |
_aunmediated _bn _2rdamedia |
||
| 338 |
_avolume _bnc _2rdacarrier |
||
| 440 | 0 | _aMacmillan professional masters | |
| 504 | _aIncludes bibliographical references (p. 439-445) and index. | ||
| 650 | 0 |
_aConstitutional law _zGreat Britain. |
|
| 650 | 0 |
_aAdministrative law _zGreat Britain. |
|
| 856 | 4 | 0 | _uhttps://fll.law.cu.edu.eg/fulltext/bks/ENGB08-00077.pdf |
| 905 | _a10 | ||
| 942 |
_2ddc _cBK _e21 _n0 |
||
| 999 |
_c47923 _d47923 |
||